Drogy história - medicína - právo

Saved in:
Bibliographic Details
Main Author: Novomeský, František
Format: Book
Language:Slovak
Published: Martin Advent Orion 1996
Subjects:
Tags: Add Tag
No Tags, Be the first to tag this record!

MARC

LEADER 00000nam a2200000 4500
001 c103124
005 20221123123753.9
020 |a 80-88719-49-6 
041 0 |a slo 
044 |a SK 
245 1 0 |a Drogy  |b história - medicína - právo  |c František Novomeský 
264 1 |a Martin  |b Advent Orion  |c 1996 
300 |a 120 s. 
610 2 0 |a drogy 
610 2 0 |a toxikománia 
610 2 0 |a látky chemické 
610 2 0 |a lekárnictvo 
610 2 0 |a psychológia 
610 2 0 |a toxikológia 
610 2 0 |a zdravie 
610 2 0 |a terapeutiká 
610 2 0 |a liečivá 
610 2 0 |a právo trestné 
610 2 0 |a právo trestné medzinárodné 
100 1 |a Novomeský, František